Statistics for 60 Degree East Meridian Countries

Click here to take the quiz!

General Stats

  • This quiz has been taken 298 times
  • The average score is 18 of 20

Answer Stats

degreescountry% Correct
Iran
99%
0.87°Pakistan
99%
Russia
99%
Turkmenistan
98%
Uzbekistan
98%
0.51°Afghanistan
97%
11.43°Iraq
97%
0.21°Oman
97%
4.33°Saudi Arabia
97%
5.49°Yemen
97%
8.19°India
94%
3.62°United Arab Emirates
93%
Kazakhstan
91%
8.38°Qatar
91%
9.18°Bahrain
88%
9.52°Madagascar
87%
9.66°Azerbaijan
85%
8.59°Somalia
81%
4.06°Seychelles
80%
2.15°Mauritius
71%

Score Distribution

Percentile by Number Answered

Percent of People with Each Score

Your Score History

You have not taken this quiz